| 000 | 01025cam a22002893a 4500 | ||
|---|---|---|---|
| 001 | 3840 | ||
| 003 | PGUSA | ||
| 005 | 20140828083039.0 | ||
| 008 | 041202s2004||||xxu|||||s|||||000 | eng d | ||
| 040 |
_aPGUSA _beng |
||
| 042 | _adc | ||
| 050 | 4 | _aDC | |
| 100 | 1 |
_aMarguerite, Queen, consort of Henry IV, King of France, _d1553-1615 |
|
| 245 | 1 | 0 |
_aMemoirs of Marguerite de Valois, Queen of Navarre — Volume 3 _h[electronic resource] / _cQueen, consort of Henry IV, King of France Marguerite |
| 260 |
_bProject Gutenberg, _c2004 |
||
| 506 | _aPublic domain in the USA. | ||
| 516 | _aElectronic text | ||
| 653 | _aQueens -- France -- Biography | ||
| 653 | _aMarguerite, Queen, consort of Henry IV, King of France, 1553-1615 | ||
| 653 | _aFrance -- Court and courtiers | ||
| 653 | _aFrance -- History -- Henry IV, 1589-1610 | ||
| 653 | _aHuguenots -- History -- 16th century | ||
| 653 | _aValois, House of | ||
| 830 | 0 |
_aProject Gutenberg _v3840 |
|
| 856 | 4 | 0 | _uhttp://www.gutenberg.org/ebooks/3840 |
| 942 | _cEB | ||
| 999 |
_c233169 _d233169 |
||